000 01186cam a22003371i 4500
001 16793088
003 EG-ScBUE
005 20240704084209.0
008 110523t2011 coua f b 001 0 eng d
020 _a9781588267917
040 _aDLC
_beng
_erda
_cDLC
_dDLC
_dEG-ScBUE
043 _acl-----
082 0 4 _a980.04
_bUND
_222
245 0 0 _aUnderstanding contemporary Latin America /
_cedited by Richard S. Hillman, Thomas J. D'Agostino.
250 _aFourth edition.
264 1 _aColorado ;
_aLondon :
_bLynne Rienner Publishers, Inc,
_c[2011]
264 4 _cc2011
300 _axv, 463 pages :
_billustrations ;
_c23 cm.
336 _2rdacontent
_atext
_btxt
337 _aunmediated
_2rdamedia
_bn
338 _avolume
_bnc
_2rdacarrier
490 0 _aUnderstanding : introductions to the states and regions of the contemporary world
500 _aIncludes appendix.
504 _aIncludes bibliographical references and index.
651 7 _aLatin America.
_2BUEsh
_927204
653 _bBUSBOL
_cMarch2015
655 _vReading book
_933728
700 1 _aHillman, Richard S.,
_d1943-
_eeditor.
_927205
700 1 _aD’Agostino, Thomas J.,
_eeditor.
_937479
942 _2ddc
_cBB
999 _c19118
_d19090